Library Logo

Pioneer International University Library Catalogue

THE LIES THAT BIND: (Record no. 9999)

MARC details
000 -LEADER
fixed length control field 00605nam a22001937a 4500
003 - CONTROL NUMBER IDENTIFIER
control field OSt
005 - DATE AND TIME OF LATEST TRANSACTION
control field 20260326065645.0
008 - FIXED-LENGTH DATA ELEMENTS--GENERAL INFORMATION
fixed length control field 260326b |||||||| |||| 00| 0 eng d
020 ## - INTERNATIONAL STANDARD BOOK NUMBER
International Standard Book Number 9780451231697
040 ## - CATALOGING SOURCE
Transcribing agency Obsidian mystery
050 ## - LIBRARY OF CONGRESS CALL NUMBER
Classification number PS 3603 .C37 2010
Item number .C37 2010
245 ## - TITLE STATEMENT
Title THE LIES THAT BIND:
Remainder of title A BIBLIOPHILE MYSTERY/
Statement of responsibility, etc. CARLISLE, KATE
Medium Print (text, unmediated, volume)
250 ## - EDITION STATEMENT
Edition statement 1ST EDITION.
260 ## - PUBLICATION, DISTRIBUTION, ETC.
Place of publication, distribution, etc. NEWTORK:
Name of publisher, distributor, etc. OBSIDIAN MYSTERY,
Date of publication, distribution, etc. 2010
300 ## - PHYSICAL DESCRIPTION
Extent 288 pages,
Other physical details hardcover,
Dimensions 17cm
Type of unit Volume
490 ## - SERIES STATEMENT
Series statement Bibliophile Mystery
655 ## - INDEX TERM--GENRE/FORM
Genre/form data or focus term Mystery fiction
942 ## - ADDED ENTRY ELEMENTS (KOHA)
Source of classification or shelving scheme Library of Congress Classification
Koha item type Books
Edition 1st ed.
Suppress in OPAC No
Holdings
Withdrawn status Lost status Source of classification or shelving scheme Damaged status Not for loan Home library Current library Date acquired Total checkouts Full call number Barcode Date last seen Price effective from Koha item type
    Library of Congress Classification     PIU Library Main Library 03/26/2026   PS 3603 .C37 2010 PIUDLMUR977 03/26/2026 03/26/2026 Books